000
00340nam a2200145Ia 4500
003
OSt
005
20240104114721.0
008
170523s9999 xx 000 0 und d
020
_a
8170366194
040
_c
iimt university meerut
100
_a
SHEKHAR- RC
245
0
_a
ETHICAL CHOICE IN BUSINESS
260
_b
RESPONSE BOOK
942
_2
ddc
_c
02
999
_c
856
_d
856